Un an de promenade - Statistiques

Statistiques générales
  • Ce quiz a été pris 52 fois
  • Le résultat moyen est 35 sur 80
Réponses sur la Carte
Les réponses sont colorées sur une échelle allant du rouge au vert en fonction du pourcentage des utilisateurs qui les ont devinées à leur premier essai. Vous pouvez retrouver ces pourcentages ci-dessous.
 
Statistiques - réponses
Réponse % Correct
Charleville-Mézières
89%
Strasbourg
81%
Champ de bataille de Verdun
78%
Nancy
72%
Château de Neuschwanstein
67%
Marseille
67%
Mont Olympe
67%
Munich
67%
Bonifacio
64%
Metz
64%
Monaco
64%
Venise
64%
Vienne
64%
Istanbul
61%
La Forêt-Noire
61%
Nice
61%
Sarajevo
61%
Thessalonique
61%
Bratislava
58%
Gênes
58%
Tirana
58%
Toulon
58%
Salzbourg
56%
Turin
56%
Belgrade
53%
Budapest
53%
Jérusalem
53%
Ljubljana
53%
Nicosie
53%
Tel-Aviv
53%
Ile de Samothrace
50%
Innsbruck
50%
Sita antique de Pétra
50%
Mer Morte
47%
Split
47%
Amman
44%
Trieste
44%
Zagreb
44%
Dubrovnik
42%
Haïfa
42%
Site antique d'Ephèse
42%
Ulm
42%
Abbaye de Melk
39%
Antioche
39%
Bouches de Kotor
39%
Izmir
39%
Monastères des Météores
39%
Padoue
39%
Augsbourg
36%
Désert du Wadi Rum
36%
Graz
36%
Plateau du Golan
36%
Aqaba
33%
Lac de Neusiedl
33%
Limassol
33%
Brescia
31%
La Cappadoce
31%
Lac de Bled
31%
Novi Sad
31%
Szeged
31%
Antalya
28%
Bursa
28%
Lagon d'Ölüdeniz
28%
Linz
28%
Mostar
28%
Rijeka
28%
Gaziantep
25%
Konya
25%
Site antique de Pergame
25%
Tübingen
25%
Ioannina
22%
Paphos
22%
Zadar
22%
Diyarbakır
19%
Vlora
19%
Adana
17%
Bodrum
17%
Mont Uludağ
17%
Şanlıurfa
14%
Mardin
6%
Aucun quiz correspondant
Distribution des résultats
% des personnes avec chaque résultat
Percentile par nombre de réponses
Votre historique - résultats
Vous n’avez pas pris ce quiz